[Event "BL2-Sued 2223"]
[Site "Germany"]
[Date "2023.02.26"]
[Round "8.2"]
[White "Hacker, Jonas"]
[Black "Strunski, Andreas"]
[Result "1-0"]
[WhiteElo "2461"]
[BlackElo "2325"]
[PlyCount "57"]
[EventDate "2022.10.22"]
[EventType "team-tourn"]
[EventRounds "9"]
[EventCountry "GER"]
[SourceTitle "EXT 2024"]
[Source "ChessBase"]
[SourceDate "2023.10.10"]
[SourceVersion "1"]
[SourceVersionDate "2023.10.10"]
[SourceQuality "1"]
[WhiteTeam "Eppingen"]
[BlackTeam "Stuttgart"]
[WhiteTeamCountry "GER"]
[BlackTeamCountry "GER"]

1. e4 c5 2. Nf3 e6 3. g3 Nc6 4. Bg2 Nge7 5. 0-0 e5 6. c3 d6 7. d4 cxd4 8. cxd4 Bg4 9. d5 Nd4 10. Be3 Nxf3+ 11. Bxf3 Bh3 12. Bg2 Bxg2 13. Kxg2 Qd7 14. Nc3 Ng6 15. Rc1 Be7 16. Qa4 Qxa4 17. Nxa4 Kd7 18. Rc2 Rhc8 19. Rxc8 Kxc8 20. b4 Bd8 21. Nb2 Kd7 22. Rc1 Rc8 23. Rxc8 Kxc8 24. Nc4 Bc7 25. Bxa7 Ne7 26. b5 Kd7 27. a4 Nc8 28. b6 Bd8 29. a5 1-0

[Event "BL2-Sued 2122"]
[Site "Germany"]
[Date "2022.05.14"]
[Round "5.5"]
[White "Musiolik, David"]
[Black "Strunski, Andreas"]
[Result "0-1"]
[WhiteElo "2220"]
[BlackElo "2320"]
[PlyCount "46"]
[EventDate "2022.03.05"]
[EventType "team-tourn"]
[EventRounds "10"]
[EventCountry "GER"]
[SourceTitle "EXT 2023"]
[Source "ChessBase"]
[SourceDate "2022.10.05"]
[SourceVersion "1"]
[SourceVersionDate "2022.10.05"]
[SourceQuality "1"]
[WhiteTeam "Worms"]
[BlackTeam "Stuttgart"]
[WhiteTeamCountry "GER"]
[BlackTeamCountry "GER"]

1. e4 c5 2. Nf3 e6 3. d4 cxd4 4. Nxd4 Nc6 5. Nc3 Qc7 6. Nxc6 bxc6 7. Bd3 d5 8. 0-0 Nf6 9. Qf3 a6 10. Bg5 Be7 11. Rfe1 Bb7 12. e5 Ng8 13. Qg4 h5 14. Qf4 c5 15. Bxe7 Nxe7 16. b4 c4 17. Bf1 Nf5 18. Na4 d4 19. Be2 Rh6 20. h4 Rg6 21. Bxh5 Qc6 22. Kf1 Qxg2+ 23. Ke2 Ng3+ 0-1

[Event "BL2-Sued 2122"]
[Site "Germany"]
[Date "2022.05.01"]
[Round "4.5"]
[White "Boguslawski, Oleg"]
[Black "Strunski, Andreas"]
[Result "1/2-1/2"]
[WhiteElo "2379"]
[BlackElo "2320"]
[PlyCount "150"]
[EventDate "2022.03.05"]
[EventType "team-tourn"]
[EventRounds "10"]
[EventCountry "GER"]
[SourceTitle "EXT 2023"]
[Source "ChessBase"]
[SourceDate "2022.10.05"]
[SourceVersion "1"]
[SourceVersionDate "2022.10.05"]
[SourceQuality "1"]
[WhiteTeam "Speyer Schwegenheim"]
[BlackTeam "Stuttgart"]
[WhiteTeamCountry "GER"]
[BlackTeamCountry "GER"]

1. e4 c5 2. Nf3 e6 3. d4 cxd4 4. Nxd4 Nc6 5. Nc3 Qc7 6. Be3 a6 7. Qd2 Nf6 8. f4 Bb4 9. Bd3 d5 10. e5 Ng4 11. Bg1 h5 12. a3 Be7 13. 0-0-0 Nh6 14. Kb1 g6 15. Na4 b5 16. Qc3 Bd7 17. Nc5 Na5 18. Ndb3 Nc4 19. Ka2 Bc8 20. Qd4 Rb8 21. h3 h4 22. Bf2 a5 23. Nc1 a4 24. c3 Rb6 25. Bxc4 bxc4 26. Ne4 Rb8 27. Nd6+ Kf8 28. Qa7 Qxa7 29. Bxa7 Ra8 30. Bc5 Nf5 31. Bb4 Bxd6 32. exd6 Kg7 33. Ne2 Ra6 34. Nd4 Nxd6 35. Rhe1 Ne4 36. Nf3 Nf2 37. Rd4 Nd3 38. Rd1 Rh5 39. R1xd3 cxd3 40. Rxd3 Ra8 41. b3 Ba6 42. Rd4 axb3+ 43. Kxb3 Bf1 44. Rd2 Rf5 45. Rd4 Rh8 46. Be7 f6 47. Rb4 Bc4+ 48. Kc2 Rxf4 49. Rb7 Re4 50. Bd8+ Kg8 51. Bxf6 Rh5 52. Ng5 Rxg5 53. Bxg5 Re2+ 54. Kd1 Rxg2 55. Bxh4 g5 56. Be1 e5 57. Bd2 Be2+ 58. Kc1 Bd3 59. Re7 e4 60. Re5 Rg1+ 61. Kb2 Rb1+ 62. Ka2 Rh1 63. Kb3 Bc4+ 64. Kb4 Rxh3 65. Bxg5 Kf7 66. a4 Rh1 67. a5 Rb1+ 68. Ka4 Rb3 69. Bd2 Kf6 70. Rh5 Ke6 71. Rg5 Rb1 72. Be3 Bb5+ 73. Ka3 Bd3 74. Bd4 Ra1+ 75. Kb4 Rb1+ 1/2-1/2

[Event "BL2-Sued 1920"]
[Site "Germany"]
[Date "2020.02.07"]
[Round "4.5"]
[White "Schaffer, Hendrik"]
[Black "Strunski, Andreas"]
[Result "1/2-1/2"]
[WhiteElo "2282"]
[BlackElo "2328"]
[PlyCount "49"]
[EventDate "2019.10.19"]
[EventType "team-tourn"]
[EventRounds "11"]
[EventCountry "GER"]
[SourceTitle "CBM 194 Extra"]
[Source "ChessBase"]
[SourceDate "2020.03.31"]
[SourceVersion "1"]
[SourceVersionDate "2020.03.31"]
[SourceQuality "1"]
[WhiteTeam "Neuberg"]
[BlackTeam "Stuttgart SF"]
[WhiteTeamCountry "GER"]
[BlackTeamCountry "GER"]

1. d4 d5 2. c4 c6 3. Nf3 Nf6 4. e3 Bg4 5. h3 Bxf3 6. Qxf3 e6 7. Nc3 Nbd7 8. Bd3 Bd6 9. 0-0 0-0 10. Qe2 Re8 11. Bd2 Qe7 12. c5 Bc7 13. f4 b6 14. b4 a5 15. a3 axb4 16. axb4 bxc5 17. bxc5 Reb8 18. Rxa8 Rxa8 19. Rb1 Qd8 20. Be1 Rb8 21. Qa2 Rxb1 22. Nxb1 Qc8 23. Qa4 Qb7 24. Na3 Nb8 25. Kf1 1/2-1/2

[Event "BL2-Sued 1920"]
[Site "Germany"]
[Date "2019.12.07"]
[Round "5.4"]
[White "Womacka, Mathias"]
[Black "Strunski, Andreas"]
[Result "1/2-1/2"]
[WhiteElo "2436"]
[BlackElo "2328"]
[PlyCount "72"]
[EventDate "2019.10.19"]
[EventType "team-tourn"]
[EventRounds "11"]
[EventCountry "GER"]
[SourceTitle "CBM 194 Extra"]
[Source "ChessBase"]
[SourceDate "2020.03.31"]
[SourceVersion "1"]
[SourceVersionDate "2020.03.31"]
[SourceQuality "1"]
[WhiteTeam "Hofheim"]
[BlackTeam "Stuttgart SF"]
[WhiteTeamCountry "GER"]
[BlackTeamCountry "GER"]

1. e4 c5 2. Nf3 a6 3. c4 Nc6 4. d4 cxd4 5. Nxd4 Nf6 6. Nc3 Qc7 7. Be3 Nxd4 8. Qxd4 e5 9. Qd3 Bb4 10. Be2 d6 11. 0-0 Bxc3 12. bxc3 Be6 13. Rab1 Rc8 14. Rb4 Nd7 15. Rd1 Nc5 16. Bxc5 dxc5 17. Rb2 0-0 18. Qd6 Rfd8 19. Qxc7 Rxd1+ 20. Bxd1 Rxc7 21. Be2 Kf8 22. h4 Ke7 23. f3 Rd7 24. Kf2 Kd8 25. Ke3 Kc7 26. g3 Rd6 27. Bf1 Rb6 28. Rxb6 Kxb6 29. Kd2 Ka5 30. Kc2 f6 31. Kb2 h5 32. a3 g5 33. Be2 Ka4 34. Bd1+ Ka5 35. Be2 Ka4 36. Bd1+ Ka5 1/2-1/2

[Event "BL2-Sued 1920"]
[Site "Germany"]
[Date "2019.11.23"]
[Round "3.5"]
[White "Strunski, Andreas"]
[Black "Martin, Mike"]
[Result "1-0"]
[WhiteElo "2328"]
[BlackElo "2155"]
[PlyCount "55"]
[EventDate "2019.10.19"]
[EventType "team-tourn"]
[EventRounds "11"]
[EventCountry "GER"]
[SourceTitle "CBM 194 Extra"]
[Source "ChessBase"]
[SourceDate "2020.03.31"]
[SourceVersion "1"]
[SourceVersionDate "2020.03.31"]
[SourceQuality "1"]
[WhiteTeam "Stuttgart SF"]
[BlackTeam "Worms"]
[WhiteTeamCountry "GER"]
[BlackTeamCountry "GER"]

1. d4 Nf6 2. c4 e6 3. Nc3 Bb4 4. Qc2 c5 5. dxc5 0-0 6. a3 Bxc5 7. Nf3 d5 8. Bg5 dxc4 9. e4 Qc7 10. Rd1 Nbd7 11. Bxc4 Bxf2+ 12. Qxf2 Qxc4 13. e5 Ne4 14. Qh4 Ndc5 15. Be7 Nd3+ 16. Rxd3 Qxd3 17. Qxe4 Qxe4+ 18. Nxe4 Re8 19. Bh4 Bd7 20. Nd6 Reb8 21. 0-0 h6 22. Nd4 Be8 23. Rc1 g5 24. Bf2 Rd8 25. Rc7 b6 26. h4 gxh4 27. Bxh4 Rd7 28. Rc3 1-0

[Event "Oberliga Wuerttemberg 1819"]
[Site "Wuerttemberg"]
[Date "2018.12.02"]
[Round "4"]
[White "Pogan, Nikolas"]
[Black "Strunski, Andreas"]
[Result "1-0"]
[WhiteElo "2223"]
[BlackElo "2302"]
[PlyCount "103"]
[EventDate "2018.09.23"]
[EventType "team-tourn"]
[EventRounds "9"]
[EventCountry "GER"]
[SourceTitle "EXT 2020"]
[Source "ChessBase"]
[SourceDate "2019.10.17"]
[SourceVersion "1"]
[SourceVersionDate "2019.10.17"]
[SourceQuality "1"]
[WhiteTeam "Heilbronn"]
[BlackTeam "Stuttgart SF"]
[WhiteTeamCountry "GER"]
[BlackTeamCountry "GER"]

1. c4 Nf6 2. d4 c6 3. Bf4 d5 4. e3 Ne4 5. Nc3 Qa5 6. Qb3 e6 7. f3 Nxc3 8. bxc3 b6 9. e4 Be7 10. cxd5 cxd5 11. Bd2 0-0 12. Bb5 Ba6 13. a4 Bxb5 14. Qxb5 Qxb5 15. axb5 a5 16. bxa6 Nxa6 17. Rb1 Nc7 18. Ne2 b5 19. Bf4 Rfc8 20. Kf2 Rab8 21. Rb3 g5 22. Bg3 Rb7 23. Bxc7 Rcxc7 24. exd5 exd5 25. Rhb1 b4 26. cxb4 Bf6 27. b5 Rc2 28. Kf1 Rd2 29. R3b2 Rd3 30. Rb3 Rd2 31. Ke1 Ra2 32. R3b2 Ra4 33. Rb4 Ra2 34. R1b2 Ra1+ 35. Kd2 Rh1 36. Ng3 Rxh2 37. Kd3 h5 38. b6 h4 39. Nf1 Rh1 40. Ne3 h3 41. gxh3 Rxh3 42. Rf2 g4 43. Nxg4 Bh4 44. Rf1 Bd8 45. Ne3 Rxb6 46. Rxb6 Bxb6 47. Nxd5 Ba7 48. Ke4 Kg7 49. Ne3 Kf6 50. f4 Rh4 51. Ra1 Bb8 52. Ra6+ 1-0

[Event "Douglas IoM op"]
[Site "Douglas"]
[Date "2018.10.26"]
[Round "7"]
[White "Strunski, Andreas"]
[Black "Kobo, Ori"]
[Result "1-0"]
[WhiteElo "2306"]
[BlackElo "2505"]
[PlyCount "63"]
[EventDate "2018.10.20"]
[EventType "swiss"]
[EventRounds "9"]
[EventCountry "ENG"]
[SourceTitle "CBM 187"]
[Source "ChessBase"]
[SourceDate "2018.12.11"]
[SourceVersion "1"]
[SourceVersionDate "2018.12.11"]
[SourceQuality "1"]

1. c4 e5 2. Nf3 e4 3. Nd4 Nc6 4. Nxc6 dxc6 5. Nc3 Nf6 6. e3 Bf5 7. Qb3 b6 8. Qc2 Qd7 9. h3 h5 10. b3 h4 11. Bb2 Be7 12. 0-0-0 0-0-0 13. Rg1 Rhg8 14. g4 hxg3 15. fxg3 Qe6 16. Ne2 c5 17. g4 Bh7 18. Nf4 Qd6 19. g5 Nd7 20. g6 fxg6 21. Qxe4 g5 22. Qxh7 gxf4 23. Qe4 Bf6 24. Qa8+ Nb8 25. Be2 Kd7 26. Bg4+ Ke7 27. Qe4+ Kf8 28. Rgf1 Re8 29. Qf5 Nc6 30. Bxf6 gxf6 31. Rxf4 Ke7 32. Qh7+ 1-0

[Event "Douglas IoM op"]
[Site "Douglas"]
[Date "2018.10.25"]
[Round "6"]
[White "Merry, Alan B"]
[Black "Strunski, Andreas"]
[Result "0-1"]
[WhiteElo "2435"]
[BlackElo "2306"]
[PlyCount "140"]
[EventDate "2018.10.20"]
[EventType "swiss"]
[EventRounds "9"]
[EventCountry "ENG"]
[SourceTitle "CBM 187"]
[Source "ChessBase"]
[SourceDate "2018.12.11"]
[SourceVersion "1"]
[SourceVersionDate "2018.12.11"]
[SourceQuality "1"]

1. c4 Nf6 2. Nc3 c6 3. d4 d5 4. e3 e6 5. b3 Bb4 6. Bb2 Ne4 7. Qc2 f5 8. Bd3 Qg5 9. g3 Nd7 10. Nge2 0-0 11. Nf4 Ndf6 12. f3 Nxc3 13. Bxc3 Bxc3+ 14. Qxc3 Qh6 15. 0-0-0 g5 16. Ne2 g4 17. f4 Qg7 18. c5 Qc7 19. Kb2 b5 20. a4 a5 21. axb5 cxb5 22. Ra1 Bd7 23. Ra2 b4 24. Qc2 Rfb8 25. Rha1 a4 26. Nc1 a3+ 27. Kb1 Kg7 28. Qd1 h5 29. Qe1 Qb7 30. Rg2 Rh8 31. Raa2 Rab8 32. Rac2 Bc6 33. Na2 Kf7 34. h3 Ke7 35. Rh2 Kf7 36. hxg4 hxg4 37. Rxh8 Rxh8 38. Qxb4 Rh1+ 39. Rc1 Rxc1+ 40. Kxc1 Nh5 41. Qxb7+ Bxb7 42. b4 Nxg3 43. Nc3 Ne4 44. Bxe4 dxe4 45. b5 Bd5 46. Ne2 Bc4 47. b6 Bxe2 48. b7 g3 49. b8Q g2 50. Qc7+ Kg6 51. Qd8 g1Q+ 52. Kd2 Qd1+ 53. Kc3 Qe1+ 54. Kb3 Bd1+ 55. Kc4 Qe2+ 56. Kb4 Qb2+ 57. Ka5 Qb7 58. c6 Qa7+ 59. Kb4 a2 60. Qg8+ Kf6 61. Qf8+ Qf7 62. Qa8 e5 63. dxe5+ Kg7 64. Kc5 Bb3 65. Kb6 Qe7 66. Qa5 Be6 67. c7 Qd7 68. Qa3 Bd5 69. Qc3 a1Q 70. c8Q Qaa7# 0-1

[Event "Douglas IoM op"]
[Site "Douglas"]
[Date "2018.10.24"]
[Round "5"]
[White "Leutwyler, Martin"]
[Black "Strunski, Andreas"]
[Result "0-1"]
[WhiteElo "2142"]
[BlackElo "2306"]
[PlyCount "152"]
[EventDate "2018.10.20"]
[EventType "swiss"]
[EventRounds "9"]
[EventCountry "ENG"]
[SourceTitle "CBM 187"]
[Source "ChessBase"]
[SourceDate "2018.12.11"]
[SourceVersion "1"]
[SourceVersionDate "2018.12.11"]
[SourceQuality "1"]

1. d4 d5 2. Nf3 Nf6 3. c4 c6 4. e3 Bg4 5. Qb3 Qb6 6. Nc3 e6 7. Nh4 Bh5 8. h3 Be7 9. g4 Bg6 10. Nxg6 hxg6 11. Bg2 g5 12. 0-0 Nbd7 13. Rd1 Nf8 14. Qa4 Qb4 15. Qxb4 Bxb4 16. cxd5 exd5 17. a3 Be7 18. e4 dxe4 19. Nxe4 Nxe4 20. Bxe4 Rxh3 21. d5 c5 22. Be3 Rd8 23. b4 b6 24. Kg2 Rh4 25. f3 Rh6 26. bxc5 bxc5 27. Rdc1 Nd7 28. f4 gxf4 29. Bxf4 g5 30. Bc7 Rc8 31. Bg3 Bd6 32. Bf2 Ne5 33. Bf5 Rc7 34. Rab1 Ke7 35. Rb5 c4 36. Ra5 Nd3 37. Bxd3 cxd3 38. Rxa7 Rxa7 39. Bxa7 Rh2+ 40. Kf3 Rh3+ 41. Ke4 Rg3 42. Rd1 Rxg4+ 43. Kf5 Rg3 44. a4 Bb4 45. Bb8 Re3 46. Ba7 Rg3 47. Bb8 Rh3 48. Kxg5 d2 49. Bf4 Rd3 50. Kg4 Kf6 51. d6 Ke6 52. d7 Kxd7 53. Kf5 Rd4 54. Be3 Rc4 55. Ke5 Bc3+ 56. Kd5 Rxa4 57. Kc5 Re4 58. Bxd2 Bxd2 59. Rxd2+ Ke6 60. Rd4 Ke5 61. Rd1 f5 62. Rd8 Re3 63. Re8+ Kf4 64. Rd8 Kf3 65. Kd4 f4 66. Rf8 Re7 67. Rf6 Kg3 68. Rg6+ Kf2 69. Rf6 f3 70. Kd3 Kg2 71. Rg6+ Kf1 72. Rf6 f2 73. Kd2 Re2+ 74. Kd1 Re1+ 75. Kd2 Kg2 76. Rg6+ Kh3 0-1

[Event "Douglas IoM op"]
[Site "Douglas"]
[Date "2018.10.23"]
[Round "4"]
[White "Strunski, Andreas"]
[Black "Schneider, Ilja"]
[Result "0-1"]
[WhiteElo "2306"]
[BlackElo "2507"]
[PlyCount "74"]
[EventDate "2018.10.20"]
[EventType "swiss"]
[EventRounds "9"]
[EventCountry "ENG"]
[SourceTitle "CBM 187"]
[Source "ChessBase"]
[SourceDate "2018.12.11"]
[SourceVersion "1"]
[SourceVersionDate "2018.12.11"]
[SourceQuality "1"]

1. d4 d5 2. c4 c6 3. Nc3 Nf6 4. Nf3 a6 5. a4 e6 6. g3 c5 7. Bg2 dxc4 8. 0-0 Nc6 9. Ne5 Na5 10. dxc5 Qxd1 11. Rxd1 Bxc5 12. Bf4 Ke7 13. Rac1 Nb3 14. Rc2 Nd4 15. Rcd2 Nb3 16. Bxb7 Bxb7 17. Rd7+ Nxd7 18. Rxd7+ Ke8 19. Rxb7 Na5 20. Rxf7 Ra7 21. Rxa7 Bxa7 22. Ne4 Bb8 23. h4 Rf8 24. Nd2 Ke7 25. Bg5+ Kd6 26. Nexc4+ Nxc4 27. Nxc4+ Kd5 28. Ne3+ Ke4 29. Kg2 h6 30. Be7 Rc8 31. b3 Rc3 32. b4 Ba7 33. Bf8 Bxe3 34. fxe3 Rc7 35. Bc5 a5 36. Bd6 Rd7 37. Bc5 Kd5 0-1

[Event "Douglas IoM op"]
[Site "Douglas"]
[Date "2018.10.21"]
[Round "2"]
[White "Strunski, Andreas"]
[Black "Sipos, Silvester"]
[Result "1-0"]
[WhiteElo "2306"]
[BlackElo "2050"]
[PlyCount "77"]
[EventDate "2018.10.20"]
[EventType "swiss"]
[EventRounds "9"]
[EventCountry "ENG"]
[SourceTitle "CBM 187"]
[Source "ChessBase"]
[SourceDate "2018.12.11"]
[SourceVersion "1"]
[SourceVersionDate "2018.12.11"]
[SourceQuality "1"]

1. d4 Nf6 2. c4 c5 3. d5 e6 4. Nc3 exd5 5. cxd5 d6 6. Nf3 g6 7. h3 Bg7 8. Bf4 0-0 9. e3 a6 10. a4 Re8 11. Be2 Qc7 12. 0-0 b6 13. Rc1 Bb7 14. b4 Nbd7 15. b5 a5 16. Qd3 Rad8 17. e4 Qb8 18. Qc2 Nh5 19. Bg5 f6 20. Be3 Bf8 21. Nd2 Ng7 22. Rce1 Re7 23. Nc4 Bc8 24. Bf4 Ne8 25. Bg3 Ne5 26. Nxe5 dxe5 27. f4 exf4 28. Bxf4 Re5 29. Qb3 Kg7 30. Nb1 Bd6 31. Bxe5 Bxe5 32. Nd2 Nd6 33. Bd1 Qc7 34. Nf3 Re8 35. Bc2 Re7 36. Kh1 Bd7 37. Re2 Be8 38. Nxe5 Rxe5 39. Ref2 1-0

[Event "Oberliga Wuerttemberg 1819"]
[Site "Wuerttemberg"]
[Date "2018.09.23"]
[Round "1"]
[White "Strunski, Andreas"]
[Black "Thoma, Christian"]
[Result "1-0"]
[WhiteElo "2302"]
[BlackElo "2220"]
[PlyCount "65"]
[EventDate "2018.09.23"]
[EventType "team-tourn"]
[EventRounds "9"]
[EventCountry "GER"]
[SourceTitle "EXT 2020"]
[Source "ChessBase"]
[SourceDate "2019.10.17"]
[SourceVersion "1"]
[SourceVersionDate "2019.10.17"]
[SourceQuality "1"]
[WhiteTeam "Stuttgart SF"]
[BlackTeam "Schmiden Cannstatt"]
[WhiteTeamCountry "GER"]
[BlackTeamCountry "GER"]

1. d4 Nf6 2. c4 e6 3. Nc3 Bb4 4. Qc2 0-0 5. a3 Bxc3+ 6. Qxc3 b6 7. Bg5 Bb7 8. e3 d6 9. Qd3 Nbd7 10. Ne2 h6 11. Bh4 Ba6 12. b4 d5 13. b5 dxc4 14. Qxc4 Bb7 15. Rc1 Rc8 16. Qa4 a6 17. bxa6 Ra8 18. Nc3 Nb8 19. a7 Nc6 20. Nb5 Nxa7 21. Nxc7 Rc8 22. Bg3 Nc6 23. Bb5 Ne7 24. 0-0 Nf5 25. Be5 Ng4 26. Qa7 Bxg2 27. Kxg2 Rxc7 28. Qxc7 Qd5+ 29. e4 Qxe4+ 30. f3 Nh4+ 31. Kh1 Qe3 32. Qc2 Nxf3 33. Qe2 1-0

[Event "Oberliga Wuerttemberg 1718"]
[Site "Wuerttemberg"]
[Date "2017.10.22"]
[Round "3"]
[White "Smolka, Alexander"]
[Black "Strunski, Andreas"]
[Result "1-0"]
[WhiteElo "2097"]
[BlackElo "2302"]
[PlyCount "63"]
[EventDate "2017.09.17"]
[EventType "team-tourn"]
[EventRounds "9"]
[EventCountry "GER"]
[SourceTitle "EXT 2019"]
[Source "ChessBase"]
[SourceDate "2018.10.10"]
[SourceVersion "1"]
[SourceVersionDate "2018.10.10"]
[SourceQuality "1"]
[WhiteTeam "Stuttgart Wolfbusch"]
[BlackTeam "Stuttgart SF"]
[WhiteTeamCountry "GER"]
[BlackTeamCountry "GER"]

1. e4 c5 2. Nf3 e6 3. g3 Nc6 4. Bg2 Nge7 5. 0-0 e5 6. c3 d6 7. h3 g6 8. d4 Bg7 9. dxc5 dxc5 10. Qe2 0-0 11. Na3 Qc7 12. Rd1 a6 13. Be3 b6 14. Nc4 a5 15. a4 Ba6 16. Bf1 f5 17. Ng5 Rf6 18. exf5 gxf5 19. Qc2 Kh8 20. f4 Ng6 21. Nxe5 Ncxe5 22. Bxa6 Rxa6 23. fxe5 Nxe5 24. Bf4 Ra8 25. Rd5 Re8 26. Re1 Rff8 27. Qe2 h6 28. Qh5 Kg8 29. Bxe5 hxg5 30. Bxc7 Rxe1+ 31. Kf2 Rfe8 32. Rd8 1-0

[Event "Oberliga Wuerttemberg 1718"]
[Site "Wuerttemberg"]
[Date "2017.10.08"]
[Round "2"]
[White "Denisow, Jewgeny"]
[Black "Strunski, Andreas"]
[Result "1/2-1/2"]
[WhiteElo "2204"]
[BlackElo "2302"]
[PlyCount "40"]
[EventDate "2017.09.17"]
[EventType "team-tourn"]
[EventRounds "9"]
[EventCountry "GER"]
[SourceTitle "EXT 2019"]
[Source "ChessBase"]
[SourceDate "2018.10.10"]
[SourceVersion "1"]
[SourceVersionDate "2018.10.10"]
[SourceQuality "1"]
[WhiteTeam "Schwaebisch Gmuend"]
[BlackTeam "Stuttgart SF"]
[WhiteTeamCountry "GER"]
[BlackTeamCountry "GER"]

1. e4 c5 2. d4 cxd4 3. c3 dxc3 4. Nxc3 d6 5. Bc4 Nc6 6. Nf3 a6 7. 0-0 Nf6 8. e5 dxe5 9. Qxd8+ Nxd8 10. Nxe5 Be6 11. Be3 Rc8 12. Bxe6 Nxe6 13. Rac1 g6 14. Nb5 Ra8 15. Nc7+ Nxc7 16. Rxc7 Bg7 17. Rxb7 Nd5 18. Nc6 0-0 19. Nxe7+ Nxe7 20. Rxe7 Bxb2 1/2-1/2

[Event "Oberliga Wuerttemberg 1516"]
[Site "Wuerttemberg"]
[Date "2016.01.31"]
[Round "6.3"]
[White "Lindner, Silvio"]
[Black "Strunski, Andreas"]
[Result "1/2-1/2"]
[WhiteElo "2073"]
[BlackElo "2263"]
[PlyCount "30"]
[EventDate "2015.09.20"]
[EventType "team-tourn"]
[EventRounds "9"]
[EventCountry "GER"]
[SourceTitle "EXT 2019"]
[Source "ChessBase"]
[SourceDate "2018.10.10"]
[SourceVersion "1"]
[SourceVersionDate "2018.10.10"]
[SourceQuality "1"]
[WhiteTeam "Sontheim/Brenz"]
[BlackTeam "Stuttgart SF"]
[WhiteTeamCountry "GER"]
[BlackTeamCountry "GER"]

1. d4 d5 2. Nf3 Nf6 3. c4 c6 4. cxd5 cxd5 5. Nc3 Nc6 6. Bf4 a6 7. e3 Bg4 8. h3 Bxf3 9. Qxf3 Qb6 10. Rb1 e6 11. Bd3 Nb4 12. Qd1 Nxd3+ 13. Qxd3 Bd6 14. Bxd6 Qxd6 15. 0-0 b5 1/2-1/2

[Event "Oberliga Wuerttemberg 1516"]
[Site "Wuerttemberg"]
[Date "2015.09.20"]
[Round "1.3"]
[White "Jurek, Josef"]
[Black "Strunski, Andreas"]
[Result "1-0"]
[WhiteElo "2281"]
[BlackElo "2263"]
[PlyCount "53"]
[EventDate "2015.09.20"]
[EventType "team-tourn"]
[EventRounds "9"]
[EventCountry "GER"]
[SourceTitle "EXT 2019"]
[Source "ChessBase"]
[SourceDate "2018.10.10"]
[SourceVersion "1"]
[SourceVersionDate "2018.10.10"]
[SourceQuality "1"]
[WhiteTeam "Schwaebisch Gmuend"]
[BlackTeam "Stuttgart SF"]
[WhiteTeamCountry "GER"]
[BlackTeamCountry "GER"]

1. d4 Nf6 2. c4 g6 3. Nf3 Bg7 4. g3 c6 5. Bg2 d5 6. cxd5 cxd5 7. Ne5 Qa5+ 8. Nc3 Ne4 9. Qb3 Bxe5 10. dxe5 Nxc3 11. bxc3 0-0 12. 0-0 Rd8 13. Rd1 Nc6 14. Bxd5 Bg4 15. Bxf7+ Kg7 16. Bf4 Rxd1+ 17. Rxd1 Bxe2 18. Rd2 Bf3 19. Bd5 Bxd5 20. Rxd5 Qa6 21. c4 Rd8 22. e6 Kg8 23. Kg2 Rxd5 24. cxd5 Nd4 25. Qc3 Nf5 26. Qc8+ Kg7 27. Qe8 1-0

[Event "BL2-Sued 1213"]
[Site "Germany"]
[Date "2013.03.17"]
[Round "8.1"]
[White "Strunski, Andreas"]
[Black "Karpatchev, Aleksandr"]
[Result "0-1"]
[WhiteElo "2367"]
[BlackElo "2456"]
[PlyCount "88"]
[EventDate "2012.10.14"]
[EventType "team-tourn"]
[EventRounds "9"]
[EventCountry "GER"]
[SourceTitle "CBM 154 Extra"]
[Source "ChessBase"]
[SourceDate "2013.06.25"]
[SourceVersion "2"]
[SourceVersionDate "2013.06.25"]
[SourceQuality "1"]
[WhiteTeam "Stuttgart"]
[BlackTeam "Bad Mergentheim"]
[WhiteTeamCountry "GER"]
[BlackTeamCountry "GER"]

1. d4 Nc6 2. Nf3 d5 3. Bg5 f6 4. Bh4 Nh6 5. e3 Nf5 6. Bg3 h5 7. c4 e6 8. Bd3 dxc4 9. Bxf5 exf5 10. Qa4 Be6 11. Nc3 Bb4 12. 0-0 Bxc3 13. bxc3 a6 14. Rab1 Qc8 15. Qa3 Kf7 16. Qc5 Rd8 17. a4 Bd5 18. a5 Be6 19. Nd2 Rd5 20. Qxc4 h4 21. Bxh4 Rxd4 22. cxd4 Bxc4 23. Nxc4 f4 24. Rfc1 Kg8 25. d5 Ne7 26. d6 Ng6 27. dxc7 Nxh4 28. exf4 Qxc7 29. Nb6 Qd8 30. Nxa8 Qxa8 31. g3 Nf3+ 32. Kg2 Nd2 33. Rb6 Qd8 34. Rc5 Qd3 35. Kh3 Ne4 36. Rc7 Qf3 37. Rb2 Nxf2+ 38. Rxf2 Qxf2 39. Rxb7 Qc5 40. Kh4 Qxa5 41. g4 Kh7 42. f5 Qe1+ 43. Kh5 Qd2 44. h4 Qh6# 0-1

[Event "BL2-Sued 1213"]
[Site "Germany"]
[Date "2013.02.03"]
[Round "6.1"]
[White "Strunski, Andreas"]
[Black "Maze, Sebastien"]
[Result "0-1"]
[WhiteElo "2367"]
[BlackElo "2562"]
[PlyCount "82"]
[EventDate "2012.10.14"]
[EventType "team-tourn"]
[EventRounds "9"]
[EventCountry "GER"]
[SourceTitle "CBM 154 Extra"]
[Source "ChessBase"]
[SourceDate "2013.06.25"]
[SourceVersion "2"]
[SourceVersionDate "2013.06.25"]
[SourceQuality "1"]
[WhiteTeam "Stuttgart"]
[BlackTeam "Viernheim"]
[WhiteTeamCountry "GER"]
[BlackTeamCountry "GER"]

1. d4 Nf6 2. c4 g6 3. Nc3 Bg7 4. e4 d6 5. f3 0-0 6. Nge2 Nbd7 7. Be3 c6 8. d5 Ne5 9. Nd4 c5 10. Nc2 e6 11. Be2 exd5 12. cxd5 a6 13. a4 h5 14. h3 Nh7 15. f4 Qh4+ 16. Kd2 Nd7 17. g4 Re8 18. Bf3 g5 19. f5 hxg4 20. hxg4 Qg3 21. Rg1 Qe5 22. Qf1 Rb8 23. Na3 Qe7 24. Rh1 b5 25. axb5 Ne5 26. Be2 axb5 27. Naxb5 Bd7 28. Qh3 Nf6 29. Ra7 Qd8 30. Rxd7 Nexd7 31. Bxg5 c4 32. Kc2 Rxb5 33. Nxb5 Qb6 34. Nc3 Qb3+ 35. Kb1 Nxe4 36. Bxc4 Qxc4 37. Qh7+ Kf8 38. f6 Nxc3+ 39. bxc3 Qb3+ 40. Kc1 Qxc3+ 41. Kd1 Qa1+ 0-1

[Event "GER-ch Net qual4 U25"]
[Site "Playchess.com INT"]
[Date "2012.09.12"]
[Round "4"]
[White "Rempeli, Alexander"]
[Black "Strunski, Andreas"]
[Result "1-0"]
[WhiteElo "1966"]
[BlackElo "2327"]
[PlyCount "99"]
[EventDate "2012.09.12"]
[EventType "swiss (blitz)"]
[EventRounds "7"]
[EventCountry "GER"]
[SourceTitle "CBM 150 Extra"]
[Source "ChessBase"]
[SourceDate "2012.10.19"]
[SourceVersion "1"]
[SourceVersionDate "2012.10.19"]
[SourceQuality "1"]

1. d4 d5 2. c4 c6 3. Nf3 Nf6 4. e3 e6 5. b3 Nbd7 6. Bb2 Bd6 7. Bd3 0-0 8. 0-0 b6 9. Nbd2 Bb7 10. Ne5 c5 11. cxd5 Bxd5 12. f4 Bb7 13. Rc1 Qe7 14. Qe1 Rfd8 15. Qg3 Rac8 16. Ndf3 cxd4 17. Rxc8 Rxc8 18. Bxd4 Bc5 19. Qh4 h6 20. Rc1 Bxd4 21. Rxc8+ Bxc8 22. Nxd4 Bb7 23. a4 Qd6 24. Nxd7 Qxd7 25. Bc4 Qd6 26. Qe1 Qc5 27. Qd2 Ne4 28. Qc1 Nd6 29. Kf2 a6 30. Qc2 Nxc4 31. Qxc4 Qxc4 32. bxc4 Kf8 33. g4 Ke7 34. h4 Kd6 35. Ke2 Be4 36. Kd2 f6 37. Kc3 e5 38. fxe5+ fxe5 39. Nf5+ Bxf5 40. gxf5 Kc5 41. h5 e4 42. Kb3 Kd6 43. Kb4 Ke5 44. a5 bxa5+ 45. Kxa5 Kd6 46. Kb6 Kd7 47. c5 a5 48. c6+ Kc8 49. Kxa5 Kc7 50. Kb5 1-0